[Event "Sautron op 15th"]
[Site "Sautron"]
[Date "2015.10.24"]
[Round "9.6"]
[White "Migot, Tangi"]
[Black "Stany, George Anthony"]
[Result "0-1"]
[WhiteElo "2399"]
[BlackElo "2385"]
[Annotator "Stany,GA"]
[PlyCount "78"]
[EventDate "2015.10.24"]
[EventType "swiss"]
[EventRounds "9"]
[EventCountry "FRA"]
[SourceTitle "CBM 169 Extra"]
[Source "ChessBase"]
[SourceDate "2015.12.18"]
[SourceVersion "1"]
[SourceVersionDate "2015.12.18"]
[SourceQuality "1"]
[TimeControl "40/5400+30:1800+30"]
[WhiteClock "0:00:59"]
[BlackClock "0:03:34"]

{This was the final round of Sautron Open and a win would have helped me to
gain few rating points and tie for first place as well.} 1. d4 {[%emt 0:00:00]
My opponent has generally played 1.e4 and occasionally played 1.d4 so it was
understandable that he was not very well prepared in the opening} Nf6 {[%emt 0:
00:00]} 2. c4 {[%emt 0:00:00]} e6 {[%emt 0:00:00]} 3. Nc3 {[%emt 0:00:18]} Bb4
{[%emt 0:00:00]} 4. Qc2 {[%emt 0:00:41]} O-O {[%emt 0:00:00]} 5. e4 $1 {
[%emt 0:01:08] I liked his opening choice because (a) I was surprised, (b) I
had never faced this line so far in a tournament game; therefore, had very
less idea about the theory, and (c) It is a dynamic move and suits our current
tournament situation.} d5 {[%emt 0:06:00]} 6. e5 {[%emt 0:00:11]} Ne4 {[%emt 0:
00:04]} 7. Bd3 {[%emt 0:00:14]} c5 {[%emt 0:00:14]} 8. a3 {[%emt 0:00:48]
During the game 8.a3 looked natural and I was out of theory from here.} Bxc3+ {
[%emt 0:13:39]} 9. bxc3 {[%emt 0:00:07]} Qa5 {[%emt 0:05:00]} (9... cxd4 {
Generelly top players have gone with cd4 first, then Qa5 followed by f6 later.}
10. cxd4 Qa5+ 11. Kf1 Nc6 12. Ne2 f6 13. Bxe4 dxe4 14. exf6 Rxf6 15. Be3 b6 16.
h4 Bb7 17. Rh3 Ne7 18. Kg1 Rc8 19. Bg5 Rf7 20. Rc3 Nf5 21. Rb1 h6 22. Rb5 Qa6
23. Rb4 Bc6 24. d5 exd5 25. cxd5 Bd7 26. Rxc8+ Qxc8 27. Qxc8+ {1/2-1/2 (27)
Bartel,M (2658)-Tomashevsky,E (2740) Moscow 2012}) 10. Ne2 {[%emt 0:14:51]}
cxd4 {[%emt 0:00:11]} 11. Bxe4 $6 $146 {[%emt 0:09:53]} ({I was expecting} 11.
cxd5 exd5 12. f3 Nxc3 13. Nxd4 Nb5+ (13... Ne4+ 14. Ke2 f5 $13) 14. Bd2 Nxd4
15. Bxh7+ Kh8 16. Bxa5 Nxc2+ 17. Bxc2 Nc6 18. Bb4 Nxb4 19. axb4 f6 20. exf6
Rxf6 21. Kd2 Bd7 22. Rhe1 a6 23. Re7 Rd8 24. Rae1 Kg8 25. h4 Kf8 26. h5 Be8 27.
Rxb7 Bxh5 28. Rh1 Rh6 29. g4 Be8 30. Rxh6 gxh6 31. Rb6 Kg7 32. Bd3 Rd7 33. Bxa6
Rf7 34. Rb7 Bd7 35. b5 Kf6 36. b6 Ke6 37. Bb5 {1-0 (37) Karpov,A (2619)
-Pelletier,Y (2578) Cap d'Agde 2013}) 11... dxe4 {[%emt 0:00:14]} 12. Qxe4 {
[%emt 0:00:08]} Nd7 $1 {[%emt 0:03:28]} (12... Nc6 13. Bf4 dxc3 14. O-O {
and white is doing fine}) 13. O-O {[%emt 0:09:19]} (13. Bf4 {Doesn't work now
due to} Nc5 14. Qxd4 Nb3) 13... Qxe5 {[%emt 0:06:47]} 14. Qf3 {[%emt 0:06:00]}
(14. Qxe5 Nxe5 15. cxd4 Nxc4 {is clear lost for White}) 14... dxc3 {[%emt 0:03:
07]} 15. Bf4 $1 {[%emt 0:00:18] The only way for White to survive is by
hindering Blacks development and also by putting pressure with continuous
threats} Qf5 {[%emt 0:07:27] I thought my Queen would be safest on g6 square} (
15... Qa5 16. Bd6 Re8 17. Bb4 Qc7 18. Nxc3) (15... Qf6 16. Nxc3 Nb6 17. Ne4 Qg6
18. Nd6) 16. Ng3 {[%emt 0:05:01]} (16. Nxc3 Nb6 17. Nb5 e5 18. Bg3 Qxf3 19.
gxf3 Nxc4) 16... Qg6 {[%emt 0:02:19]} 17. Bd6 {[%emt 0:06:13]} Re8 {[%emt 0:02:
05] and no more threats!} 18. Ne4 $6 {[%emt 0:02:07] Ne4 is tempting but it is
misplaced here, Now it helps Black to gain control over a8-h1 diagonal as
happened in the game} (18. Rfc1 c2 19. Ra2 e5 20. c5 {was the best way to
fight although Black is still better after e4 followed by Nf6} e4) 18... Nb6 {
[%emt 0:16:43]} 19. Rfe1 {[%emt 0:24:42]} (19. c5 Nc4 {was my idea} 20. Nxc3 (
20. Rfc1 Bd7 21. Rxc3 Nxd6 22. Nxd6 Bc6 $17) 20... Nd2) 19... Nxc4 {[%emt 0:03:
12]} 20. Qxc3 {[%emt 0:00:50]} b5 $1 {[%emt 0:01:18] My opponent missed this
move} 21. Bg3 {[%emt 0:00:49]} (21. a4 Bb7 $19) 21... Bb7 {[%emt 0:01:35] Now
I am two pawns up and clearly winning} 22. Nc5 {[%emt 0:00:30]} Bd5 {[%emt 0:
01:05]} 23. Na6 {[%emt 0:00:47]} Rac8 {[%emt 0:03:32] Thanks to my well placed
Queen on g6 White can never play Nc7} 24. Qb4 {[%emt 0:00:57]} (24. Qd4 Ba8 25.
Qxa7 e5 $19) 24... h5 {[%emt 0:01:06]} 25. f3 {[%emt 0:03:11]} (25. h4 f5 26.
Qb1 Nd2 27. Qb4 Ne4) 25... Bxf3 {[%emt 0:05:06]} 26. Ra2 {[%emt 0:10:15]} (26.
gxf3 h4 27. Kg2 hxg3 28. hxg3 Ne3+ $1 {I thought my opponent would fall into
this but he escaped} 29. Rxe3 Rc2+ 30. Kh1 (30. Kh3 Qh6+ 31. Qh4 Qxe3) 30...
Qxg3) 26... Bd5 {[%emt 0:09:04]} 27. Rf2 {[%emt 0:00:13]} e5 {[%emt 0:03:54]}
28. Qxb5 {[%emt 0:01:00]} Qc6 {[%emt 0:00:19] Forcing the exchange. Once the
queens are off the board it was easy to convert the material into a win.} 29.
a4 {[%emt 0:02:14]} Qxb5 {[%emt 0:01:35]} 30. axb5 {[%emt 0:00:02]} f6 {
[%emt 0:00:22]} 31. Rc2 {[%emt 0:02:00]} Na3 {[%emt 0:00:48]} 32. Rb2 {[%emt 0:
00:28]} Bc4 {[%emt 0:01:22]} 33. Ra1 {[%emt 0:00:38]} Nxb5 {[%emt 0:00:17]} 34.
Nb4 {[%emt 0:00:26]} Nd4 {[%emt 0:02:32]} 35. Rxa7 {[%emt 0:00:38]} Ne2+ {
[%emt 0:00:49]} 36. Kf2 {[%emt 0:00:06]} Nxg3 {[%emt 0:00:04]} 37. Kxg3 {
[%emt 0:00:04]} Rb8 {[%emt 0:00:06]} 38. Rd2 {[%emt 0:01:18]} Rxb4 {[%emt 0:00:
27]} 39. Rdd7 {[%emt 0:00:06]} Kh8 {[%emt 0:00:05]} 0-1

[Event "OHRA-B"]
[Site "Amsterdam"]
[Date "1990.??.??"]
[Round "3"]
[White "Stohl, Igor"]
[Black "Psakhis, Lev"]
[Result "1-0"]
[WhiteElo "2525"]
[BlackElo "2575"]
[Annotator "Stohl,I"]
[PlyCount "75"]
[EventDate "1990.07.??"]
[EventType "swiss"]
[EventRounds "9"]
[EventCountry "NED"]
[SourceTitle "CBM 020"]
[Source "ChessBase"]
[SourceDate "1991.02.01"]
[SourceVersion "1"]
[SourceVersionDate "1991.02.01"]
[SourceQuality "1"]

1. d4 Nf6 2. c4 e6 3. Nc3 Bb4 4. Qc2 O-O 5. a3 Bxc3+ 6. Qxc3 b6 7. Bg5 Bb7 8.
Nh3 $6 (8. f3) 8... h6 9. Bh4 d5 10. cxd5 exd5 11. e3 c5 $1 (11... Nbd7 12. Bd3
$14) 12. dxc5 $6 (12. Bxf6 Qxf6 13. dxc5 Qxc3+ 14. bxc3 bxc5 15. Rb1 Bc6 $10) (
12. Bd3 $5 cxd4 13. Qxd4 g5 14. Bg3 (14. Nxg5 $2 Nc6) 14... Nc6 15. Qa4 d4 16.
O-O-O $13) 12... g5 $1 {N} (12... d4 13. Bxf6 dxc3 14. Bxd8 cxb2 15. Rb1 Rxd8
16. Rxb2 Nd7 17. cxb6 axb6 18. f3 Rxa3 $10 {Vajser-Lobron,Paris 1990}) 13. Bg3
$8 (13. Nxg5 $2 hxg5 14. Bxg5 Ne4) 13... d4 14. Qxd4 Qxd4 15. exd4 Re8+ 16. Be5
$8 (16. Kd2 Nc6 17. Bb5 Ne4+ (17... Rad8 $5) 18. Kd3 Rad8 $40) 16... Nbd7 17.
O-O-O Nxe5 18. dxe5 Rxe5 19. cxb6 Be4 (19... axb6 $5 20. f3 $8 g4 21. Nf2 $1 (
21. fxg4 Nxg4 $40 {xe4,e3,g2,h3}) 21... gxf3 22. gxf3 Bxf3 (22... Rc8+ 23. Kb1
Bxf3 24. Rg1+ Kf8 25. Bh3 $132) 23. Rg1+ Kf8 24. Rd4 $13 {/\Rf4}) 20. b4 (20.
b7 $2 Rc5+ 21. Kd2 Rd8+ 22. Ke3 Re8 $17) 20... axb6 21. Kb2 Rc8 22. Ba6 $1 $8 (
22. f3 $6 Rc2+ 23. Kb3 Bf5 24. Bd3 Rxg2 $17) (22. Rc1 Rd8 $40) 22... Rc2+ (
22... Ra8 $6 23. Rhe1 $5) 23. Kb3 Rc7 (23... Nd5 24. Rhe1 $8 Rc3+ $10) 24. Rhe1
$5 (24. Rc1 Rxc1 25. Rxc1 Bxg2 26. Ng1 Rf5 $17) 24... b5 $6 {/\Re6,xb5} (24...
g4 25. Nf4 Bc2+ 26. Kb2 Bxd1 27. Rxe5 Rc2+ 28. Ka1 $1 Rxf2 29. Re1 Bb3 30. Rf1
$1 Ra2+ 31. Kb1 Rxa3 32. Kb2 Rxa6 33. Kxb3 $132) (24... Ng4 $5 25. Rd8+ Kg7 26.
Rg1 $6 $44) (24... Bd5+ 25. Kb2 Rxe1 26. Rxe1 Bxg2 27. Ng1 Ng4 28. f3 $1 Nxh2
29. Re2 Bf1 30. Rxh2 Bxa6 31. Rxh6 $10) 25. Rc1 $6 (25. f3 $1 Bc2+ 26. Kb2 Bxd1
27. Rxe5 Rc2+ 28. Ka1 Rxg2 29. Bxb5 Rxh2 (29... Bxf3 30. Rf5 Bg4 31. Rxf6 Bxh3
32. Rxh6) 30. Ng1 $132) 25... Bxg2 $2 (25... Rxc1 26. Rxc1 Bxg2 27. Ng1 (27.
Bc8 $5) 27... g4 $1 $15) 26. Rxe5 Rxc1 27. Nxg5 $16 Rb1+ (27... hxg5 $2 28.
Rxg5+ $18) (27... Bd5+ 28. Kb2 Rh1 (28... Rf1 $6 29. Bxb5) 29. Nf3 $1 $8 (29.
Rf5 $2 Kg7 30. Nf3 Be4 31. Rf4 Rb1+ 32. Ka2 Nd5 $1 $19) 29... Bxf3 30. Rf5 Rb1+
31. Ka2 Bd5+ 32. Rxd5) 28. Kc2 Rh1 29. Rf5 Ne4 (29... Kg7 30. Nf3 $16) 30. Nxf7
Kg7 31. f3 $6 $138 (31. Bxb5) 31... Nf6 32. Nd6 (32. Nxh6 $2 Rxh2 33. Rxf6
Bxf3+) 32... Rxh2 33. Kb3 h5 34. Bxb5 h4 35. Rg5+ Kf8 36. Rg6 Nh5 (36... Ke7
37. Nf5+ Kf7 38. Nxh4) 37. Nf5 Bxf3 (37... h3 38. Bd7 $1 {/\Be6,Rg8} Nf4 39.
Rf6+ Kg8 40. Nh6+ Kg7 41. Ng4 $18) 38. Bc4 $138 {Stohl,I} (38. Bc4 Bd1+ (38...
Ke8 39. b5 Kd7 40. b6 $18) 39. Kc3 Rc2+ 40. Kd4 Rxc4+ 41. Kxc4 h3 42. Ng3 h2
43. Nh1 Bf3 44. Nf2 $18) 1-0

[Event "George Marx Memorial 4th"]
[Site "Paks"]
[Date "2006.07.28"]
[Round "1"]
[White "Wang, Yue"]
[Black "Efimenko, Zahar"]
[Result "1/2-1/2"]
[WhiteElo "2626"]
[BlackElo "2632"]
[Annotator "Szabo,Kr"]
[PlyCount "97"]
[EventDate "2006.07.28"]
[EventType "tourn"]
[EventRounds "10"]
[EventCountry "HUN"]
[EventCategory "15"]
[SourceTitle "CBM 113 Extra"]
[Source "ChessBase"]
[SourceDate "2006.09.14"]
[SourceVersion "1"]
[SourceVersionDate "2006.09.14"]
[SourceQuality "1"]

1. d4 Nf6 2. c4 e6 3. Nc3 Bb4 4. Qc2 O-O 5. a3 Bxc3+ 6. Qxc3 b6 7. Bg5 Bb7 8.
e3 d6 9. Ne2 Nbd7 10. Rd1 h6 11. Bh4 Ne4 12. Bxd8 Nxc3 13. Nxc3 Rfxd8 14. f3 (
14. d5 Nf6 15. e4 exd5 16. exd5 c6 17. dxc6 Bxc6 18. f3 d5 $11 {Ki.
Georgiev-Kulaots, Gothenburg 2005}) 14... Kf8 15. Kf2 a6 16. Be2 c6 17. b4 Ke7
18. g4 d5 19. Rb1 dxc4 20. Bxc4 a5 21. Rhc1 (21. b5 c5 $11) 21... axb4 22. axb4
Ra3 23. h4 (23. Ra1 Rda8 24. Rxa3 Rxa3 $11) 23... Nf6 24. Be2 (24. g5 hxg5 25.
hxg5 Nd5 26. Bxd5 exd5 $132 {/\ Ba6}) 24... Rc8 (24... Nd5 25. Nxd5+ cxd5 (
25... exd5 26. b5 $14) 26. Rc7+ Rd7 {/\ Kd6} 27. Rc2 Kd6 28. Rbc1 Rb3 29. Bb5
Rd8 (29... Re7 $143 $2 30. Rc6+ $1 $18) 30. Rc7 Rxb4 31. Ba6 $1 Ba8 32. Rxf7
$14) 25. Ra1 (25. g5 hxg5 26. hxg5 Nd5 27. Nxd5+ cxd5 $11) 25... Rca8 26. Rxa3
(26. Rab1 Rc8 {repetition of moves}) 26... Rxa3 27. b5 Nd7 (27... c5 28. dxc5
bxc5 29. Nb1 Rb3 30. Rxc5 Bxf3 31. Bxf3 Rxb1 32. Rc7+ $14) (27... Kd7 28. bxc6+
Bxc6 29. e4) 28. bxc6 Bxc6 29. e4 Rb3 30. Nb1 (30. d5 Bb7 $11) 30... Ba4 31.
Nd2 Rb2 32. Ke3 Rc2 33. Rxc2 Bxc2 34. Bb5 g5 35. h5 (35. hxg5 $1 hxg5 36. e5
Nf8 37. Nc4 $14) 35... f6 36. Nf1 Bd1 37. Kf2 Kd6 38. Ne3 Bb3 39. Kg3 Nf8 40.
Kf2 Nd7 41. Ke2 Nb8 42. Kd3 Nc6 43. Kc3 Na5 44. Kb4 Ba2 45. Bf1 Bb3 46. Bd3 Kd7
47. d5 Kd6 48. Kb5 Kc7 49. Kb4 1/2-1/2

[Event "Bayern-chI Bank Hofmann 6th"]
[Site "Bad Wiessee"]
[Date "2002.10.31"]
[Round "6"]
[White "Salvermoser, Bernd"]
[Black "Sandipan, Chanda"]
[Result "0-1"]
[WhiteElo "2306"]
[BlackElo "2510"]
[Annotator "Teske,H"]
[PlyCount "40"]
[EventDate "2002.10.26"]
[EventType "swiss"]
[EventRounds "9"]
[EventCountry "GER"]
[SourceTitle "EXT 2003"]
[Source "ChessBase"]
[SourceDate "2002.11.25"]
[SourceVersion "1"]
[SourceVersionDate "2002.11.25"]
[SourceQuality "1"]

1. d4 {Teske} Nf6 2. c4 e6 3. Nc3 Bb4 4. Qc2 {Eine sehr ehrgeizige, aber auch
gefährliche Variante. Weiß möchte die schwächung seiner Bauernstellung
vermeiden und das Läuferpaar kassieren, bleibt aber etwas in der Entwicklung
zurück.} O-O 5. a3 Bxc3+ 6. Qxc3 b6 7. f3 $6 {Weiß verzögert erneut die
Entwicklung und fordert das Schicksal heraus.} (7. Bg5 Bb7 8. f3 {blockt den
weißfeldrigen Läufer erst ab, wenn er tatsächlich auf der langen Diagonale
erscheint.}) 7... d5 $1 {Logisch, daß Schwarz bei großem Entwicklungsvorsprung
und klar besserer Königsstellung sofort das Zentrum öffnet.} 8. cxd5 (8. e3 c5
9. dxc5 bxc5 10. cxd5 Nxd5 11. Qxc5 Ba6 $44 {Schwarz hat zwei Entwicklungszüge
Vorsprung.}) 8... Nxd5 9. Qd2 f5 {Unterbindet e2-e4 und droht gegelegentlich
selbst f5-f4, um die weiße Entwicklung zu erschweren.} 10. e3 f4 11. Qf2 $2 (
11. exf4 {ist besser.} Nxf4 12. g3 (12. Ne2 $6 Nxe2 13. Bxe2 Nc6 {kostet den
Bd4.}) (12. Qf2)) 11... fxe3 12. Bxe3 Nc6 13. Bb5 Nxe3 14. Bxc6 Qxd4 15. Bxa8
Rd8 16. Bc6 Ba6 17. Ba4 Rd5 18. f4 Qe4 19. Ne2 Nxg2+ 20. Kf1 Nxf4 0-1

[Event "Oslo"]
[Site "Oslo"]
[Date "1992.??.??"]
[Round "3"]
[White "Greenfeld, Alon"]
[Black "Gausel, Einar"]
[Result "1-0"]
[WhiteElo "2520"]
[BlackElo "2445"]
[Annotator "Tiller"]
[PlyCount "68"]
[EventDate "1992.04.??"]
[EventType "tourn"]
[EventRounds "9"]
[EventCountry "NOR"]
[EventCategory "9"]
[SourceTitle "CBM 030"]
[Source "ChessBase"]
[SourceDate "1992.10.01"]
[SourceVersion "1"]
[SourceVersionDate "1992.10.01"]
[SourceQuality "1"]

1. d4 Nf6 2. c4 e6 3. Nc3 Bb4 4. Qc2 O-O 5. Nf3 d6 6. Bg5 Nbd7 7. e3 e5 8.
O-O-O Bxc3 9. Qxc3 Qe7 10. Nd2 Re8 11. Qc2 e4 12. Be2 c6 13. g4 d5 14. Bf4 dxc4
15. Nxc4 Nb6 16. Nd6 Rd8 17. Qc5 Nfd5 18. Bg3 Na4 19. Qc2 (19. Nxc8 Qxc5+ 20.
dxc5 Raxc8 21. Bd6 {Og hvit har fordel da det planlagte b6 strander pÅ 22.Ba6})
19... b5 20. Qxe4 Be6 21. Nf5 Qb4 22. Qc2 Qa5 23. Qd2 b4 24. e4 {[#]} Nac3 {
Spillerne kom i pÅspillet frem til at 24.- Ndc3 trolig vant i alle varianter.}
25. exd5 Nxa2+ 26. Kb1 Rab8 27. Bxb8 Rxb8 28. Ne7+ Kf8 29. Nxc6 Qa4 30. Nxb8 b3
31. dxe6 Nb4 32. e7+ Ke8 33. Bb5+ Qxb5 34. Qc3 Qb7 1-0

[Event "Interpolis-03"]
[Site "Tilburg"]
[Date "1979.11.11"]
[Round "8"]
[White "Hort, Vlastimil"]
[Black "Timman, Jan H"]
[Result "1/2-1/2"]
[WhiteElo "2600"]
[BlackElo "2625"]
[Annotator "Timman,J"]
[PlyCount "67"]
[EventDate "1979.11.01"]
[EventType "tourn"]
[EventRounds "11"]
[EventCountry "NED"]
[EventCategory "15"]
[SourceTitle "MCL"]
[Source "ChessBase"]
[SourceDate "1999.07.01"]
[SourceVersion "1"]
[SourceVersionDate "1999.07.01"]
[SourceQuality "1"]

1. d4 Nf6 2. c4 e6 3. Nc3 Bb4 4. Qc2 O-O 5. a3 Bxc3+ 6. Qxc3 b6 7. Nf3 (7. Bg5)
7... Bb7 8. b4 d6 9. Bb2 Nbd7 10. e3 c5 $6 (10... Ne4 $142 11. Qc2 f5) 11. Be2
Ne4 12. Qd3 $1 (12. Qc2 Ng5 $10) 12... Qe7 (12... Ng5 $2 13. dxc5 Nxf3+ 14.
gxf3 dxc5 15. O-O-O Nf6 16. Qc3 Qe7 17. Rhg1 $18) 13. O-O Rfd8 14. Nd2 Nxd2 15.
Qxd2 Nf6 (15... Qg5 16. f3) 16. Rfd1 (16. f3 e5 $14) 16... Rac8 17. Rac1 Ne4
18. Qe1 Qg5 19. Bf1 cxd4 20. Rxd4 $6 (20. exd4 $1 $16) 20... e5 21. Rdd1 Nf6 (
21... h5 22. f3 Nf6 23. e4 h4 24. c5 $5 dxc5 25. bxc5 Nd7 $14) 22. c5 $1 (22.
Kh1 h5 $15) 22... bxc5 23. bxc5 d5 24. Qa5 (24. Qb4 $5 Bc6 25. f4 $14 exf4 26.
Qxf4 Qxf4 27. exf4 Ne4) (24. c6 $5 Bxc6 25. Qa5 Nd7 (25... Ne4 $2 26. Bxe5 $1)
26. Qxa7 Qg6 $10 {/\27... Ta8, 28... Tdc8}) 24... Bc6 (24... Rd7 $2 25. Bb5 Bc6
26. Bxc6 Rxc6 27. Qb5 $16) 25. Qxa7 d4 26. exd4 Nd5 $1 {/\Ta8} 27. Qa6 $8 Nf4
28. g3 (28. Rc3 $2 Bxg2 29. Rg3 Qh5 $1 $18 30. Qf6 Ng6) 28... Qg4 (28... Bf3
29. dxe5 $1 Bxd1 30. Rxd1 Nh3+ 31. Kg2 $14) 29. d5 $1 $8 Rxd5 30. Rxd5 Bxd5 31.
c6 (31. Bxe5 $2 Nh3+ 32. Bxh3 Qxh3 33. Qf1 Qf5 34. Qe2 Re8 $19) 31... Nh3+ (
31... h5 32. c7 $2 (32. Rc5 $1) 32... Qf3 33. Qxc8+ Kh7 34. Qf5+ Kh6 $19) 32.
Bxh3 Qxh3 33. Qf1 Qxf1+ 34. Kxf1 1/2-1/2

[Event "NOR"]
[Site "Norway"]
[Date "1994.??.??"]
[Round "?"]
[White "Ostenstad, Berge"]
[Black "Tisdall, Jonathan D"]
[Result "0-1"]
[WhiteElo "2475"]
[BlackElo "2465"]
[Annotator "Tisdall,J"]
[PlyCount "56"]
[EventDate "1994.??.??"]
[EventType "team"]
[EventRounds "9"]
[EventCountry "NOR"]
[SourceTitle "CBM 068"]
[Source "ChessBase"]
[SourceDate "1999.02.01"]
[SourceVersion "1"]
[SourceVersionDate "1999.02.01"]
[SourceQuality "1"]

{After reading the opening article in the previous CBM, I felt I should take
this game out and dust it off. I did not see it mentioned in the article, and
Informator refused it saying it was of insufficient theoretical interest. This
saddened me, as I think it is both an interesting and entertaining game. Now,
after seeing the CBM article, it may be that of theoretically importance as
well...} 1. d4 Nf6 2. c4 e6 3. Nc3 Bb4 4. Qc2 O-O 5. a3 Bxc3+ 6. Qxc3 b5 7.
cxb5 c6 8. e3 cxb5 9. Bxb5 Ne4 10. Qb3 Na6 (10... Qg5 $5 $44) 11. Qa4 Nc7 $5 {
[%mdl 8]} 12. Bd3 Bb7 13. Nf3 (13. Ne2 $5) 13... f5 14. O-O Rf6 15. Qa5 $1 {
[%cal Ga5c7,Ga5e5,Gc7h2]} Nc5 $1 {[%mdl 128]} 16. dxc5 $1 {[%cal Ga5b4,Gb4h4]}
Bxf3 17. Re1 (17. gxf3 $4 Rg6+ 18. Kh1 Qg5 $19) 17... Rg6 18. g3 Qh4 19. Qb4 $1
(19. Bf1 Rh6 $3 $19 20. gxh4 (20. h3 Qxh3 $1) 20... Rg6+ 21. Bg2 Rxg2+ 22. Kf1
Rxh2) (19. e4 f4 20. Bxf4 Qxf4 21. e5 Qh4 $1 $19 22. Bxg6 (22. Bf1 Rh6 $1)
22... Qh3) 19... Qh5 20. e4 f4 $6 $138 {with both sides already running very
short of time, I opted for maximum complications but this is objectively
incorrect. After} (20... fxe4 $44 21. Bxe4 Bxe4 22. Rxe4 (22. Qxe4 Qxc5 $13)
22... Nd5 $36 {Black's active forces and light-squared domination give him
full value for the sacrificed pawn.}) 21. Bxf4 Rf8 22. Qd2 (22. Bxc7 $4 Qxh2+
$1) 22... e5 23. Be3 Rg4 $1 {/\ Rh4!} 24. Be2 Bxe4 25. Rad1 $2 $138 (25. c6 $1
$16 {would give white the upper hand in very pleasing fashion. This thematic
sacrifice not only increases the scope of the Be3, it clears the c-line in
order to hunt down black's powerful light-squared bishop. So if} Bxc6 26. Rac1
{when white can sacrifice on c6 and then regain the exchange safely on g4.}) (
25. Qxd7 $2 Qh3 26. Bf1 Rxg3+ $1) 25... Bc6 $1 $17 {Cementing black's position
and securing the powerful bishop. Now the pressure on the light squares is
irresistible.} 26. Qd6 $6 Qh3 $1 27. f3 (27. Bf1 Rxg3+ 28. fxg3 Rxf1+ 29. Rxf1
Qg2#) 27... Rxf3 $1 28. Bxf3 Bxf3 (28... Bxf3 29. Rd2 Rxg3+ 30. hxg3 Qh1+ 31.
Kf2 Qg2# {is a nice thematic finish to the game long theme of attacking along
this color scheme of squares.}) 0-1

[Event "Corus-B"]
[Site "Wijk aan Zee"]
[Date "2000.01.19"]
[Round "2"]
[White "Onischuk, Alexander"]
[Black "Tiviakov, Sergei"]
[Result "1/2-1/2"]
[WhiteElo "2637"]
[BlackElo "2567"]
[Annotator "Tiviakov,S"]
[PlyCount "50"]
[EventDate "2000.01.18"]
[EventType "tourn"]
[EventRounds "11"]
[EventCountry "NED"]
[EventCategory "11"]
[SourceTitle "CBM 075"]
[Source "ChessBase"]
[SourceDate "2000.04.05"]
[SourceVersion "1"]
[SourceVersionDate "2000.04.05"]
[SourceQuality "1"]

{[%mdl 8]} 1. d4 Nf6 2. c4 e6 3. Nc3 Bb4 4. Qc2 O-O 5. a3 Bxc3+ 6. Qxc3 b6 7.
Bg5 Bb7 8. Nf3 d6 9. e3 Nbd7 10. Nd2 c5 11. f3 Rc8 12. Be2 Re8 $1 $146 (12...
d5 {- 73/605}) (12... Qc7) 13. dxc5 (13. O-O Nd5 (13... h6 14. Bxf6 $15 (14.
Bh4 Nd5 $1 (14... d5 15. dxc5 bxc5 16. Rfd1 Qb6 17. Bf2 a5 $11 {Suvrajit,
S-Kunte,A/Calcutta 2000}) 15. Bxd8 (15. cxd5 Qxh4 $15) 15... Nxc3 16. bxc3
Rexd8 $15)) 14. cxd5 (14. Bxd8 Nxc3 15. bxc3 Rexd8 $15) 14... Qxg5 $15) 13...
Rxc5 14. Bxf6 {[1/2-1/2 Kiriakov,P-Polak,T/Olomouc 1999]} (14. Bh4 $142 Nd5 (
14... d5 $5) 15. Qxg7+ (15. Qd4 $2 Nxe3 $1 $19) (15. Bxd8 Nxc3 16. Bxb6 Nxb6
17. bxc3 $11) 15... Kxg7 16. Bxd8 Nxe3 17. Kf2 Rxd8 (17... Nc2 18. Rac1 $11)
18. Kxe3 $11) 14... Nxf6 15. b4 (15. O-O d5) 15... Rc7 16. Qb2 (16. O-O d5 17.
Qb2 {- 16.Qb2 d5 17.0-0} (17. Qb3 d4 $15)) 16... d5 17. O-O dxc4 18. Bxc4 $1 (
18. Nxc4 Nd5 $15 {><e3}) 18... Nd5 19. Rfe1 Qf6 (19... Qh4 $6 20. Rac1 {/\Bd5}
(20. Bxd5 $5)) (19... Qg5 $142 20. Ne4 (20. Qb3 Rec8 $15) 20... Qe7 $15 {/\Rfc8
}) 20. Qxf6 Nxf6 21. Bf1 Rec8 22. e4 $11 Kf8 23. a4 Rc2 24. Nb3 Rb2 25. Reb1
Rxb1 1/2-1/2